Central Library, Doon University
WEBOPAC (ONLINE PUBLIC ACCESS CATALOGUE)

Angewanddte Linguistik fur Sprachberufe (Record no. 59606)

MARC details
000 -LEADER
fixed length control field 00471nam a22001937a 4500
005 - DATE & TIME
control field 20250407114815.0
008 - FIXED-LENGTH DATA ELEMENTS--GENERAL INFORMATION
fixed length control field 250401b |||||||| |||| 00| 0 eng d
020 ## - ISBN
International Standard Book Number 9783110786712
Price 2688.61
040 ## - CATALOGING SOURCE
Original cataloging agency Doon University
041 ## - Language
Language German
082 ## - DDC NUMBER
Book Number DEG
Classification number 410
100 ## - MAIN ENTRY--PERSONAL NAME
Personal name De Gruyter
245 ## - TITLE STATEMENT
Title Angewanddte Linguistik fur Sprachberufe
250 ## - EDITION STATEMENT
Edition statement 3rd
260 ## - PUBLICATION, DISTRIBUTION, ETC. (IMPRINT)
Place of publication, distribution, etc Berlin
Name of publisher, distributor, etc De Gruyter
Date of publication, distribution, etc 2024
300 ## - PHYSICAL DESCRIPTION
Pages 274
650 ## - Subject
Subject German Language
942 ## - ADDED ENTRY ELEMENTS (KOHA)
Koha item type Books
100 ## - MAIN ENTRY--PERSONAL NAME
-- 25528
952 ## - LOCATION AND ITEM INFORMATION (KOHA)
-- 2025-04-01
Holdings
Withdrawn status Lost status Source of classification or shelving scheme Damaged status Not for loan Location (home branch) Sublocation or collection (holding branch) Date acquired Koha full call number Accession No. Koha date last seen Koha item type
          Doon University Doon University 01.04.2025 410 DEG 50505 01.04.2025 Books
Contact : +91-135-2533126 (Library),+91-135-2533105 (Admin Office) , Email : doonlibrary@gmail.com

Powered by Koha